Lil Tecca Discography - Statistics

General Stats
  • This quiz has been taken 11 times
  • The average score is 53 of 108
Answer Stats
Hint Answer % Correct
TEC 500lbs
89%
DOPAMINE Boys Don't Cry
89%
DOPAMINE Dark Thoughts
89%
DOPAMINE Irish Goodbye
89%
DOPAMINE OWA OWA
89%
We Love You Tecca Ransom
89%
TEC TEC
89%
PLAN A BAD TIME
78%
We Love You Tecca Did It Again
78%
DOPAMINE Favorite Lie
78%
TEC Fell In Love
78%
DOPAMINE Half The Plot
78%
DOPAMINE Hollywood
78%
TEC HVN ON EARTH
78%
We Love You Tecca Love Me
78%
DOPAMINE Malibu's Most Wanted
78%
TEC Monday to Sunday
78%
PLAN A NUMBER 2
78%
DOPAMINE One Night
78%
TEC Salty
78%
DOPAMINE The Truth
78%
DOPAMINE Tic Tac Toe
78%
DOPAMINE X Factor
78%
PLAN A 120
67%
PLAN A 24HRS
67%
We Love You Tecca Amigo
67%
We Love You Tecca 2 CHOPPA SHOOT THE LOUDEST
67%
DOPAMINE Don't Rush
67%
We Love You Tecca DUI
67%
TEC Gist
67%
PLAN A MAMA
67%
PLAN A NEVER LAST
67%
Virgo World Out Of Love
67%
PLAN A TASTE
67%
DOPAMINE Wake Up
67%
TEC Yves
67%
PLAN A COLD GIRLS
56%
PLAN A FLOWERS
56%
PLAN A I CAN'T LET GO
56%
We Love You Tecca 2 LOT OF ME
56%
DOPAMINE LYK
56%
DOPAMINE On Your Own
56%
We Love You Tecca Out Of Luck
56%
We Love You Tecca Ransom (Remix)
56%
TEC Real Discussions
56%
We Love You Tecca 2 REPEAT IT
56%
We Love You Tecca Shots
56%
DOPAMINE Sure Of It
56%
PLAN A VOGUE
56%
PLAN A 4U
44%
PLAN A ALL THE TIME
44%
PLAN A D1
44%
TEC Dead or Alive
44%
Virgo World Dolly
44%
PLAN A HOMEBODY
44%
TEC Need Me
44%
We Love You Tecca 2 NEVER LEFT
44%
Virgo World Our Time
44%
We Love You Tecca 2 SEASIDE
44%
PLAN A TIME & A PLACE
44%
TEC Trippin On U
44%
TEC U Don't Know Tec
44%
TEC Used2This
44%
We Love You Tecca Weatherman
44%
Virgo World When You Down
44%
We Love You Tecca Bossanova
33%
Virgo World Chemistry
33%
We Love You Tecca Count Me Out
33%
TEC Either Way
33%
Virgo World Foreign
33%
We Love You Tecca Glo Up
33%
Virgo World Insecurities
33%
Virgo World Last Call
33%
We Love You Tecca Left, Right
33%
We Love You Tecca Molly Girl
33%
We Love You Tecca 2 MONEY ON ME
33%
Virgo World Royal Rumble
33%
Virgo World Selection
33%
PLAN A SELF2SELF
33%
We Love You Tecca Senorita
33%
PLAN A SEPARATE WAYS
33%
We Love You Tecca 2 SHOOTERS
33%
We Love You Tecca Sidenote
33%
We Love You Tecca The Score
33%
TEC Want It Bad
33%
We Love You Tecca 2 ABOUT YOU
22%
Virgo World Actin Up
22%
Virgo World Back It Up
22%
We Love You Tecca 2 BANK TELLER
22%
Virgo World Closest To Heaven
22%
We Love You Tecca 2 DID THAT
22%
We Love You Tecca 2 EVERYWHERE I GO
22%
We Love You Tecca 2 FEE
22%
Virgo World Level Up
22%
We Love You Tecca 2 NADA
22%
We Love You Tecca Phenom
22%
Virgo World Take 10
22%
Virgo World Tic Toc
22%
Virgo World True To The Game
22%
We Love You Tecca 2 WHATEVER
22%
We Love You Tecca 2 YOU DON'T NEED ME NO MORE
22%
We Love You Tecca 2 YOU GOTTA GO DO BETTER
22%
We Love You Tecca 2 CAUTION
11%
We Love You Tecca 2 INVESTIGATION
11%
Virgo World Miss Me
11%
We Love You Tecca 2 MY SIDE
11%
Virgo World No Answers
11%
We Love You Tecca 2 NO DISCUSSION
11%
No matching quizzes found
Score Distribution
Percent of People with Each Score
Percentile by Number Answered
Your Score History
You have not taken this quiz